| 000 | 01466nam a2200277 i 4500 | ||
|---|---|---|---|
| 001 | 166943 | ||
| 003 | ES-MaACL | ||
| 005 | 20240421063028.0 | ||
| 008 | 000215s1839 sp f |||| | spa d | ||
| 040 | _cES-MaACL | ||
| 080 | _a55 | ||
| 100 | 1 |
_aVallejo, José Mariano, _d1779-1846 _9139765 _eaut |
|
| 245 | 1 | 0 |
_aMemoria en que se trata de algunos puntos, relativos al sistema del mundo y formación del globo terrestre que habitamos : _bcon aplicación a investigar nuevos procedimientos para la separación y aprovechamiento de la plata que contiene el plomo... / _cleída en la Sección de Ciencias Matemáticas y Físicas del Ateneo de Madrid, en los días 20 de junio y 4 y 18 de julio de 1839 por José Mariano Vallejo. |
| 260 |
_aMadrid : _b[s.n.], _c1839 _f(Imp. Garrasayaza) |
||
| 300 |
_aVIII, 292 páginas., [1] hoja plegada de lámina ; _c23 cm. |
||
| 530 | _aDisponible en formato digital | ||
| 599 | _aIlustración a toda plana en p. 176. | ||
| 610 | 2 | 4 |
_aAteneo de Madrid- _vConferencias- _yS.XIX. _91910 |
| 650 | 7 |
_aCiencias de la tierra _9235915 |
|
| 710 | 2 |
_aAteneo de Madrid. _bSección de Ciencias Matemáticas y Físicas. _9145748 |
|
| 852 |
_aES-MaACL _cDEPO2 _jF-5030 _qFalto de [1] h. pleg. de lám. _xHolandesa |
||
| 856 |
_uhttp://bdh-rd.bne.es/viewer.vm?id=0000038771&page=1 _yVersión en línea _z(Biblioteca Digital Hispánica) |
||
| 942 |
_cMONANT _n0 |
||
| 999 |
_c166943 _d166943 |
||